Devinez le parcours de ces joueurs de foot N°3 - Statistiques

Statistiques générales
  • Ce quiz a été pris 5 729 fois
  • Le résultat moyen est 8 sur 10
Statistiques - réponses
Par images Réponse % Correct
Cavani
91%
Dembélé
89%
Ronaldinho
88%
Pelé
87%
Henry
85%
Marquinhos
81%
Areola
76%
Saliba
66%
Guendouzi
58%
Hernandez
44%
Aucun quiz correspondant
Distribution des résultats
% des personnes avec chaque résultat
Percentile par nombre de réponses
Votre historique - résultats
Vous n’avez pas pris ce quiz